[Event "Quebec-ch qual 2"]
[Site "Montreal"]
[Date "2003.05.30"]
[Round "1"]
[White "Anastasovski, Nikola"]
[Black "Chagnon, Francois"]
[Result "1-0"]
[WhiteElo "2073"]
[BlackElo "1519"]
[PlyCount "95"]
[EventDate "2003.05.??"]
[EventType "swiss"]
[EventRounds "5"]
[EventCountry "CAN"]
[SourceTitle "EXT 2006"]
[Source "ChessBase"]
[SourceDate "2005.11.24"]
[SourceVersion "1"]
[SourceVersionDate "2005.11.24"]
[SourceQuality "1"]

1. e4 c5 2. c4 d6 3. Nc3 Nf6 4. g3 Nc6 5. Bg2 e6 6. d3 Be7 7. h3 a6 8. Be3 Rb8 9. Qd2 Bd7 10. f4 e5 11. f5 b5 12. b3 bxc4 13. dxc4 Nd4 14. Rc1 Bc6 15. g4 h6 16. Nge2 Nh7 17. 0-0 Nxe2+ 18. Nxe2 Bg5 19. Rcd1 Bxe3+ 20. Qxe3 Qe7 21. Qg3 f6 22. h4 a5 23. Nc3 0-0 24. Rd3 Rfd8 25. Rfd1 Ra8 26. Qf2 a4 27. Qd2 axb3 28. axb3 Ra3 29. Rxd6 Rxd6 30. Qxd6 Qxd6 31. Rxd6 Rxb3 32. Rxc6 Rxc3 33. Rxc5 Nf8 34. Rc7 Rg3 35. c5 Rc3 36. Bf1 Re3 37. Bc4+ Kh7 38. Rc8 Rxe4 39. Bf7 Rxg4+ 40. Kh2 g5 41. Rxf8 Rxh4+ 42. Kg3 Kg7 43. c6 Kxf8 44. c7 Kxf7 45. c8Q e4 46. Qe6+ Kg7 47. Qe7+ Kg8 48. Qxf6 1-0